000
00284nam a2200121Ia 4500
005
20251222144907.0
008
251222s9999||||xx |||||||||||||| ||spa||
082
_a
708.44/M84
100
_a
Mogne, Pascal
245
0
_a
Tresors Americains:
264
_b
Editions du Griot
942
_c
LIB
999
_c
22201
_d
22201